Katechismus der katholischen Theologie mit Erlaubniß der Oberen.

Bibliographic Details
Main Author: Jehly, Johannes (Author, Dedicator)
Corporate Author: Manz, Georg Joseph (Regensburg, Nemecko) (Printer)
Format: Book
Language:German
PhysicalDescription:XVI, 587 s., [1] 18 cm
Published: Regensburg Druck und Verlag von Georg Joseph Manz 1875
ISBN:(viaz.)
Subjects:

MARC

LEADER 00000nam a2200000 a 4500
001 vtls010694065
003 SK-MaSNL
005 20260302013835.0
008 251112 1875 gw 001 0 ger
015 |a SNBHFA1875 
020 |a (viaz.) 
035 |a 40FF2381-0A36-48FD-AB39-410DDC3C9780 
035 |a urn:nbn:sk:snk-amtgg4 
035 |a urn:nbn:sk:snk-am00c335 
040 |a SNKHF  |b slo  |c SNK  |e AACR2 
041 0 |a ger 
044 |a gw  |c DE 
072 7 |a 27-1/-2  |x Kresťanská teológia. Dogmatická teológia  |2 konspekt 
080 |a 2-472.3  |2 2001 
080 |a 27-1  |2 2001 
080 |a 27-144.89  |2 2001 
080 |a 27-55  |2 2001 
100 1 |a Jehly, Johannes  |4 aut  |4 dto  |9 657645 
245 1 0 |a Katechismus der katholischen Theologie  |b mit Erlaubniß der Oberen.  |c von Johannes Jehly 
260 |a Regensburg  |b Druck und Verlag von Georg Joseph Manz  |c 1875 
300 |a XVI, 587 s., [1]  |c 18 cm 
504 |a Register 
508 |a Ded.:Jehly, Johannes; Josef Blodeck - dekan 
508 |a Predslov autora 
546 |a Nemčina  |b Fraktura 
561 |a Okrúhla pečiatka: Rimely Károly Lekéri Apát.  |5 SNK ID 99149 
650 0 7 |a katechizmus  |2 SNKPH  |9 1953 
650 0 7 |a kresťanská teológia  |2 SNKPH  |9 1804 
650 0 7 |a Najsvätejšia Trojica  |2 SNKPH  |9 79135 
650 0 7 |a sviatosti  |2 SNKPH  |9 755 
700 1 |a Rimely, Karol,  |d 1825-1904  |4 fmo  |9 177562 
700 1 |a Blodeck, Josef  |4 hnr  |9 657646 
710 0 |a Manz, Georg Joseph (Regensburg, Nemecko),  |d 1835-1891  |4 pbl  |4 prt  |9 657647 
752 |a Nemecko  |d Regensburg 
852 |a snk  |b Historické fondy  |p ID 99149 
958 |a ONDV 
999 |c 1014713  |d 1016643 
952 |t RI 214  |a SNK  |b SNK  |c SNK_HF  |y PREZ  |7 0  |p 17A1127520  |o snkID 99149  |i snk2015/22332  |8 5  |0 0  |1 0  |4 0  |d 2015-07-21  |f 1  |l 0  |r 2026-02-24 13:05:03  |w 2026-02-24